|
|
|
|
| LEADER |
00000nab a2200000 ar4500 |
| 001 |
vtls008622847 |
| 003 |
SK-MaSNL |
| 005 |
20260318133250.0 |
| 008 |
060116c2006 xo |||||||| 000 b|hun |
| 015 |
|
|
|a SNBRB2006/01
|2 snkbucl
|
| 038 |
|
|
|a SNKBUCL
|
| 040 |
|
|
|a DSZK
|b slo
|c DSZK
|d SNKBUCL
|e AACR2
|
| 041 |
0 |
|
|a slo
|
| 044 |
|
|
|a xo
|c SK
|
| 080 |
|
|
|a 792.2
|2 UDC-MRF-SK2
|
| 100 |
1 |
|
|a Gyüre, Lajos,
|d 1931-2018
|4 aut
|9 178874
|
| 245 |
1 |
0 |
|a Három ember tragédiája
|b bemutató a Tháliában
|c Gyüre Lajos
|
| 300 |
|
|
|b Fotogr.
|
| 600 |
1 |
7 |
|a Egressy, Zoltán
|d 1967-
|t Vesztett éden
|x recenzie
|2 snkbucl
|9 1244600
|
| 610 |
2 |
7 |
|a Divadlo Thália (Košice, Slovensko)
|2 snkbucl
|9 31809
|
| 651 |
|
7 |
|a Košice (Slovensko)
|2 snkbucl
|9 18694
|
| 655 |
|
7 |
|a recenzie
|2 snkbucl
|9 21907
|
| 773 |
0 |
|
|t Szabad újság
|g Évf. XIV, sz. 2 (2006), o. 10
|x 1335-6631
|
| 852 |
|
|
|a SNK
|b KIS3GCP
|
| 852 |
|
|
|a DSZK
|b KIS3GCP
|
| 958 |
|
|
|a HU
|
| 958 |
|
|
|a SK
|
| 958 |
|
|
|a RC
|
| 999 |
|
|
|c 2205778
|d 2207708
|